METHOD FOR SCIENCE MASTERS (Record no. 486754)

MARC details
000 -LEADER
fixed length control field 00452nam a22001697a 4500
003 - CONTROL NUMBER IDENTIFIER
control field OSt
005 - DATE AND TIME OF LATEST TRANSACTION
control field 20120302144207.0
008 - FIXED-LENGTH DATA ELEMENTS--GENERAL INFORMATION
fixed length control field 090306t xxu||||| |||| 00| 0 eng d
035 ## - SYSTEM CONTROL NUMBER
System control number 1023
040 ## - CATALOGING SOURCE
Transcribing agency ENGLISH
100 ## - MAIN ENTRY--PERSONAL NAME
Personal name C. BREWSTER OWEN
9 (RLIN) 1572
245 ## - TITLE STATEMENT
Title METHOD FOR SCIENCE MASTERS
250 ## - EDITION STATEMENT
Edition statement 1 st
260 ## - PUBLICATION, DISTRIBUTION, ETC. (IMPRINT)
Place of publication, distribution, etc LONDON
Name of publisher, distributor, etc THE ENGLISH LANGUAGE BOOK SOCIETY AND MACMILLAN & CO LTD
Date of publication, distribution, etc 1956
300 ## - PHYSICAL DESCRIPTION
Other physical details 165 pg
942 ## - ADDED ENTRY ELEMENTS (KOHA)
Source of classification or shelving scheme Dewey Decimal Classification
Koha item type Book
Holdings
Withdrawn status Lost status Source of classification or shelving scheme Damaged status Not for loan Home library Current library Date acquired Cost, normal purchase price Total Checkouts Barcode Date last seen Price effective from
    Dewey Decimal Classification     Dr. Bedekar Vidya Mandir Library Dr. Bedekar Vidya Mandir Library 03/06/2009 3.20   1023 03/19/2010 03/19/2010